Homem-Aranha 3 (Registo nº 1367)
[ vista simples ]
| 000 -Etiqueta do registo | |
|---|---|
| Cabeçalho | 01172nlm a2200277 4500 |
| 005 - Identificador da versão | |
| Campo de controlo | 20240813121834.0 |
| 100 ## - Dados gerais de processamento | |
| Dados gerais de processamento | 20120224 2007 e y0pory5003 ba |
| 102 ## - Pais de publicação ou produção | |
| País de publicação | Portugal |
| 101 0# - Língua de publicação | |
| Língua do texto, banda sonora, etc. | Português |
| 215 ## - Descrição física | |
| Indicação específica da natureza do documento e extensão da espécie | 2 discos ópticos DVD (139 m.); cor, som |
| 200 1# - Titulo e menção de responsabilidade | |
| Título próprio | Homem-Aranha 3 |
| Primeira menção de responsabilidade | real. Sam Raimi |
| 210 ## - Publicação, Distribuição, etc. | |
| Lugar da edição, distribuição, etc. | Lisboa |
| Nome do editor, distribuidor, etc. | Sony Pictures (distrib.) |
| Data da publicação, distribuição, etc. | 2007 |
| 323 ## - Nota ao elenco (material de projecção e video de registos sonoros) | |
| Texto da nota | Elenco: Tobey Maguire, Willem Dafoe, Kirsten Dunst.. |
| 337 ## - Nota relativa a pormenores técnicos (ficheiros de computador) (provisória) | |
| Texto da nota | Requisitos: Região 2 ; Formato 1:85, PAL ; Ecrã 16:9 |
| 300 ## - Notas gerais | |
| Texto da nota | idiomas: Inglês, Português |
| Texto da nota | legendas: Inglês, Português |
| 322 ## - Nota aos responsáveis artísticos e técnicos (material de projecção e video e registos sonoros) | |
| Texto da nota | Produção: Laura Siskin, Ian Bryce ; Argumento: David Koepp |
| 333 ## - Nota relativa aos potenciais utilizadores | |
| Texto da nota | para maiores de 12 anos |
| 327 ## - Nota de conteúdo | |
| Texto da nota | também inclui: filme (contém as versões original legendada e falada em Português); comentários do realizador Sam Raimi e do elenco; comentários da equipa técnica; trailers promocionais; apanhados; 11 reportagens; galeria de imagens; videoclip musical de Snow Patrol " Signal Fire"; spots de televisão |
| 510 ## - Título paralelo | |
| Título paralelo | Spider-Man 3 |
| 701 #1 - Nome de autor-pessoa física (co-responsabilidade principal) | |
| Palavra de ordem | Siskin |
| Outra parte do nome não tomada para palavra de ordem | Laura |
| Código de função | Produtor |
| 700 #1 - Nome de autor-pessoa física (responsabilidade principal) | |
| Número de registo de entrada de autoridade | 0001919 |
| Palavra de ordem | Raimi |
| Outra parte do nome não tomada para palavra de ordem | Sam |
| 942 ## - Elementos de entrada adicionados (Koha) | |
| Tipo de item no Koha | Livro |
| Situação do levantamento | Origin of item (home branch) (coded) | Biblioteca de empréstimo | Código de barras | Cota | Circulation type (not for loan) | Tipo de documento | Nota do exemplar | Damaged status |
|---|---|---|---|---|---|---|---|---|
| Biblioteca Escolar Eng. Nuno Mergulhão | Biblioteca Escolar Eng. Nuno Mergulhão | BENM3225 | 2007 | F ARA | DVD | Sem mensagem |
